Češi : 1977 : jak z rock'n'rollu vznikla Charta 77 /

Hlavní autor: Kosatík, Pavel, 1962-
Další autoři: Husák, Jiří, 1982-
Jazyk: Čeština
Vydáno: Praha : Česká televize :Mladá fronta, 2016
Vydání: První vydání
Edice: Edice České televize
Témata:
Externí odkaz: Digitalizovaný dokument
Fyzický popis: 80 nečíslovaných stran : barevné ilustrace, portréty ; 25 cm
Knihy
Uloženo v:
LEADER 03501nam a2200817 i 4500
001 nkc20162796496
003 CZ PrNK
005 20260318153118.0
007 ta
008 160509s2016 xr ac e 6 000 0 cze
015 |a cnb002796496 
020 |a 978-80-7404-185-3  |q (Česká televize ;  |q brožováno) 
020 |a 978-80-204-3390-9  |q (Mladá fronta ;  |q brožováno) 
020 |a 978-80-204-4479-0  |q (soubor ;  |q krabice) 
035 |a (OCoLC)960189941 
040 |a BOA001  |b cze  |d OLA001  |e rda 
043 |a e-cs---  |a e-xr--- 
045 |a x7x7 
072 7 |a 323  |x Vnitropolitický vývoj, politický život  |2 Konspekt  |9 15 
080 |a 323.22  |2 MRF 
080 |a 316.723  |2 MRF 
080 |a 343.1:32  |2 MRF 
080 |a 785.16.071  |2 MRF 
080 |a 316.7:32  |2 MRF 
080 |a (437)  |2 MRF 
080 |a (437.3)  |2 MRF 
080 |a (03/09)741.52  |2 MRF 
100 1 |a Kosatík, Pavel,  |d 1962-  |7 jn19990201035  |4 aut 
245 1 0 |a Češi :  |b 1977 : jak z rock'n'rollu vznikla Charta 77 /  |c Kosatík, Husák 
246 3 0 |a Jak z rock'n'rollu vznikla Charta 77 
246 3 0 |a Charta 77 
246 1 8 |a Češi 1977 
250 |a První vydání 
264 1 |a Praha :  |b Česká televize :  |b Mladá fronta,  |c 2016 
300 |a 80 nečíslovaných stran :  |b barevné ilustrace, portréty ;  |c 25 cm 
336 |a text  |b txt  |2 rdacontent 
336 |a statický obraz  |b sti  |2 rdacontent 
337 |a bez média  |b n  |2 rdamedia 
338 |a svazek  |b nc  |2 rdacarrier 
490 1 |a Edice ČT ;  |v 7 
500 |a Soubor svazků 1-9 z roku 2017(dotisky prvního vydání) distribuován společně v kartonové krabici 
500 |a ISBN souboru uvedeno pouze na krabici 
500 |a Název na krabici též: Češi 1918-1992 
500 |a "Text Pavel Kosatík, výtvarné zpracování Jiří Husák"--Tiráž 
500 |a Chronologický přehled 
610 2 7 |a Charta 77 (skupina)  |7 kn20021107001  |2 czenas 
610 2 7 |a Plastic People of the Universe (hudební skupina)  |7 kn20020522002  |2 czenas 
648 7 |a 1969-1989  |7 ch460663  |2 czenas 
648 4 |a 1975-1977 
650 0 7 |a disent  |7 ph119475  |z Československo  |y 1968-1989  |2 czenas 
650 0 7 |a undergroundová kultura  |7 ph467676  |z Československo  |y 1968-1989  |2 czenas 
650 0 7 |a politické soudní procesy  |7 ph124252  |z Československo  |y 1968-1989  |2 czenas 
650 0 7 |a hudební skupiny  |7 ph120924  |z Česko  |2 czenas 
650 0 7 |a kultura a politika  |7 ph234811  |z Československo  |y 1968-1989  |2 czenas 
650 0 9 |a dissent  |z Czechoslovakia  |y 1968-1989  |2 eczenas 
650 0 9 |a underground culture  |z Czechoslovakia  |y 1968-1989  |2 eczenas 
650 0 9 |a political trials  |z Czechoslovakia  |y 1968-1989  |2 eczenas 
650 0 9 |a musical groups  |z Czechia  |2 eczenas 
650 0 9 |a culture and politics  |z Czechoslovakia  |y 1968-1989  |2 eczenas 
655 7 |a naučné komiksy  |7 fd1058479  |2 czenas 
655 9 |a nonfiction comics  |2 eczenas 
700 1 |a Husák, Jiří,  |d 1982-  |7 xx0129779  |4 ill 
830 0 |a Edice České televize  |0 s 
856 4 1 |u http://www.digitalniknihovna.cz/mzk/uuid/uuid:e0694340-83cb-11f0-885b-005056827e51  |y Digitalizovaný dokument  |x NDK 
910 2 |a BOA001  |b 2-1367.729 
990 |a BK 
995 |a 01 
991 |b 201606  |c NOV 
996 6 |b 2610671659  |c 2-1367.729  |l MZK  |r Sklad / do 1 hodiny  |n 5  |p p.v.  |w 001563659  |u 000010  |a 1  |e BOA001  |j MZK50  |s P 
996 3 |b 2610724151  |c 2-1367.729  |l MZK  |r CLC  |n 0  |p kup ; Praha  |w 001563659  |u 000020  |a 1  |e BOA001  |j MZK50  |s N 
996 3 |b 2610728755  |c 2-1367.729  |l MZK  |r CLC  |n 0  |p kup; Praha  |w 001563659  |u 000030  |a 1  |e BOA001  |j MZK50  |s N